|
|
|
|
| LEADER |
00000nam a22000007a 4500 |
| 005 |
20190219215736.0 |
| 007 |
cr|||| |||| |
| 008 |
190219s2018 es |||||s|||| 00||0 spa d |
| 020 |
|
|
|a 978-84-9148-874-3
|
| 035 |
|
|
|a 22747
|
| 040 |
|
|
|a vLex
|
| 090 |
|
|
|c 8463
|d 8463
|
| 100 |
1 |
|
|a Moreno Flr̤ez, Rosa Mara̕
|
| 245 |
1 |
0 |
|a Proteccin̤ de menores y trabajo social
|h [Recurso electrn̤ico] :
|b Un anl̀isis comparado entre Espaą y Portugal /
|c Rosa Mara̕ Moreno Flr̤ez
|
| 256 |
|
|
|a Servicio en ln̕ea
|
| 260 |
|
|
|a Madrid:
|b Dykinson,
|c 2018
|
| 300 |
|
|
|a 1 recurso electrn̤ico
|
| 506 |
1 |
|
|a Disponible solo en los productos indicados
|d vLex Global
|d vLex Global (Academic Edition, excluding Law Schools)
|d vLex Global (U.S. Academic Edition, Law Schools)
|d vLex Global (U.S. Academic Edition, excluding Law Schools)
|d vLex Global (Academic Edition, Law Schools)
|
| 650 |
0 |
4 |
|a Derecho Laboral y Seguridad Social
|z Espaą
|
| 740 |
0 |
|
|a vLex Libros (Servicio en ln̕ea)
|
| 856 |
4 |
0 |
|u http://vlex.com/source/proteccion-menores-trabajo-social-analisis-comparado-espa-a-portugal-22747
|z Acceso restringido
|
| 942 |
|
|
|c BOOK
|
| 999 |
0 |
|
|a Labor law and social security
|